Guess the words in phonetic script - Statistics

General Stats
  • This quiz has been taken 56 times
  • The average score is 12 of 15
Answer Stats
Hint Answer % Correct
/kwɪz/ quiz
98%
/ˈæp.əl/ apple
96%
/bʊk/ book
93%
/ˈmjuː.zɪk/ music
93%
/ˈprez.ɪ.dənt/ president
93%
/skuːl/ school
89%
/flaɪ/ fly
82%
/ˈbrʌð.ər/ brother
80%
/eɪt/ eight / ate
80%
/taʊn/ town
80%
/dʒuːs/ juice
78%
/θæŋks/ thanks
78%
/ɡriːn/ green
73%
/saɪˈkɒl.ə.dʒi/ psychology
71%
/bɜːd/ bird
33%
No matching quizzes found
Score Distribution
Percent of People with Each Score
Percentile by Number Answered
Your Score History
You have not taken this quiz